Sports Quiz

Random Sports or NFL Quiz

NFL 30,000 Passing Yards, One Team Quiz Stats

 Plays Quiz Updated Mar 2, 2018

Challenge
Share
Tweet
Embed
Score 0/26 Timer 06:00
6 Plays Today
Team Player % Correct
PatriotsTom Brady
99.1%
ColtsPeyton Manning
98.9%
GiantsEli Manning
98.9%
SaintsDrew Brees
97.7%
PackersBrett Favre
97.3%
PackersAaron Rodgers
96.7%
DolphinsDan Marino
96.6%
CowboysTony Romo
95.9%
BroncosJohn Elway
95.7%
ChargersPhilip Rivers
95.3%
49ersJoe Montana
94.7%
FalconsMatt Ryan
93.6%
SteelersBen Roethlisberger
91.6%
Team Player % Correct
LionsMatthew Stafford
91.1%
RavensJoe Flacco
91%
CowboysTroy Aikman
89.7%
EaglesDonovan McNabb
89.5%
BillsJim Kelly
84.7%
OilersWarren Moon
82.9%
ColtsJohnny Unitas
80.8%
GiantsPhil Simms
75.7%
ChargersDan Fouts
72.8%
VikingsFran Tarkenton
69.3%
BengalsKen Anderson
44.9%
CardinalsJim Hart
24%
49ersJohn Brodie
21.3%

You're not logged in!

Compare scores with friends on all Sporcle quizzes.
Join for Free
OR
Log In

You Might Also Like...

Show Comments

Extras

Top Quizzes Today


Score Distribution

Your Account Isn't Verified!

In order to create a playlist on Sporcle, you need to verify the email address you used during registration. Go to your Sporcle Settings to finish the process.

Report this User

Report this user for behavior that violates our Community Guidelines.

Details: